000
00382nam a2200133Ia 4500
008
191206s9999 xx 000 0 und d
020
_a
0906969093 :
090
_a
NK2270.O27
245
0
_a
story of Western furniture
260
_a
Herbert Press
260
_c
c1981
300
_a
"253 p. : ill., maps, plans ; 26 cm."
999
_c
16970
_d
16970